000 005080000a22001570004500
003 MACL
005 20240207171900.0
008 170730b xxu||||| |||| 00| 0 eng d
040 _cmacl
100 _aवंधोपाध्‍याय,ताराशंकर
_968076
245 _aसंदीपन पाठशाला
260 _bशारदा प्रकाशन
_c2000
_aदिल्‍ली
350 _a200
650 _aउपन्‍यास
_968427
942 _cHIN
_k800/VAN/N
_2ddc
999 _c10828
_d10828